| 000 | 00785cam a2200277 4500 | ||
|---|---|---|---|
| 008 | 090401t1990 xxu||||| |||| 00| 0 eng d | ||
| 020 | _a0854064761 | ||
| 035 | _a(Sirsi) u51973 | ||
| 041 | _aeng | ||
| 050 | _a333.3321 | ||
| 090 | _aRICS 1990/58ABCD | ||
| 110 |
_aRoyal Institution of Chartered Surveyors _94900 |
||
| 245 | _aPlant and machinery technical papers 1980-1990 | ||
| 260 |
_aLondon _bRoyal Institution of Chartered Surveyors _c1990 |
||
| 300 | _aiii, 109p. ; 30cm. | ||
| 350 | _a7.5 | ||
| 520 | _aPlant and Machinery Committee. | ||
| 650 | _aELECTRICITY | ||
| 650 |
_aInsurance _96249 |
||
| 650 | _aPROCESS PLANT | ||
| 650 |
_aValuation _96273 |
||
| 650 | _aWATER RIGHTS | ||
| 700 |
_aStephenson, John W. _xChairman |
||
| 942 | _n0 | ||
| 948 | _c04/03/1997 | ||
| 999 |
_c92977 _d92977 |
||